Education in the balance :mapping the global dynamics of school leadership
Saved in:
| Main Author: | |
|---|---|
| Format: | Book |
| Language: | English |
| Published: |
Bloomsbury Academic
2014
|
| Tags: |
Add Tag
No Tags, Be the first to tag this record!
|
MARC
| LEADER | 00000nam a22000007a 4500 | ||
|---|---|---|---|
| 008 | 210906b ||||| |||| 00| 0 eng d | ||
| 020 | |a 9781780937793 | ||
| 100 | |a WILKINS, Raphael | ||
| 245 | |a Education in the balance |b :mapping the global dynamics of school leadership |c /Raphael Wilkins |g 200p. | ||
| 260 | |b Bloomsbury Academic |c 2014 |h New York |i 696816 |i 696817 |l LB2805.W65 |m Education leadership--Cross-cultural studies |m Educational leadership-- Case studies |m Comparative education | ||
| 500 | |a It includes index and references | ||
| 942 | |a lcc |c BK |e Kuteyi M. A. |f 6/9/2021 | ||
| 952 | |0 0 |1 0 |2 lcc |4 0 |6 LB2805 W65 |7 0 |9 3388 |a HOL |b HOL |c LP |d 2021-09-06 |l 0 |o LB2805.W65 |p 2021-67096 |r 2021-09-06 00:00:00 |w 2021-09-06 |y BK | ||
| 952 | |0 0 |1 0 |2 lcc |4 0 |6 LB2805 W65 |7 0 |9 3389 |a HOL |b ED |c LP |d 2021-09-06 |l 0 |o LB2805.W65 |p 2021-67097 |r 2021-09-06 00:00:00 |w 2021-09-06 |y BK | ||
| 999 | |c 1686 |d 1686 | ||